| 000 | 00778cam a22002653a 4500 | ||
|---|---|---|---|
| 001 | 711 | ||
| 003 | PGUSA | ||
| 005 | 20140828082951.0 | ||
| 008 | 041118s2004||||xxu|||||s|||||000 1 eng d | ||
| 040 |
_aPGUSA _beng |
||
| 042 | _adc | ||
| 050 | 4 | _aPR | |
| 100 | 1 |
_aHaggard, H. Rider _q(Henry Rider), _d1856-1925 |
|
| 245 | 1 | 0 |
_aAllan Quatermain _h[electronic resource] / _cH. Rider Haggard |
| 260 |
_bProject Gutenberg, _c2004 |
||
| 506 | _aPublic domain in the USA. | ||
| 516 | _aElectronic text | ||
| 653 | _aAfrica -- Fiction | ||
| 653 | _aHunting guides -- Fiction | ||
| 653 | _aQuatermain, Allan (Fictitious character) -- Fiction | ||
| 653 | _aAdventure stories | ||
| 830 | 0 |
_aProject Gutenberg _v711 |
|
| 856 | 4 | 0 | _uhttp://www.gutenberg.org/ebooks/711 |
| 942 | _cEB | ||
| 999 |
_c230062 _d230062 |
||